Les éléments essentiels du respect de la personne humaine dans la Convention de Genéve du 12 août 1949, relative á la protection des personnes civiles en temps de guerre
Saved in:
| Main Author: | |
|---|---|
| Format: | Book |
| Language: | French |
| Published: |
Ginebra
Comité Internacional de la Cruz Roja
1950
|
| Series: | Les Nouvelles Conventions de Genéve
|
| Subjects: | |
| Tags: |
Add Tag
No Tags, Be the first to tag this record!
|
MARC
| LEADER | 00000nam a2200000 a 4500 | ||
|---|---|---|---|
| 001 | UCT9526 | ||
| 003 | CL-VaPUC | ||
| 008 | 970404e19500000SZ |||||||||||||||||fre|d | ||
| 082 | 0 | 4 | |a 341.6 |b COU |2 21 |
| 100 | 0 | |a Coursier, Henri |e author |9 382325 | |
| 245 | 1 | 4 | |a Les éléments essentiels du respect de la personne humaine dans la Convention de Genéve du 12 août 1949, relative á la protection des personnes civiles en temps de guerre |
| 300 | |a 16 p | ||
| 942 | |c BK | ||
| 945 | |d 19970404 00:00:00 |a lriquelm | ||
| 260 | |a Ginebra |b Comité Internacional de la Cruz Roja |c 1950 | ||
| 500 | |a Extrait de la Revue Internationale de la Croix-Rouge, N§ 377, Mai 1950 | ||
| 650 | 7 | |a CONVENCION DE GINEBRA |2 CL-VaPUC |9 382301 | |
| 650 | 0 | |a Guerra |9 255876 | |
| 650 | 0 | |a Personas |9 255751 | |
| 650 | 0 | |a Derecho internacional |9 255637 | |
| 583 | |a last modification |c 19970404 00:00:00 |k Rodrigo Vera | ||
| 490 | 0 | |a Les Nouvelles Conventions de Genéve | |
| 999 | |c 257921 |d 257919 | ||
| 952 | |0 0 |1 0 |2 ddc |4 0 |6 341_600000000000000_COU_1950 |7 0 |8 A |9 281646 |a BIBDER |b BIBDER |d 2019-11-19 |i 1822918 |o 341.6 COU 1950 |p 1822918 |r 2023-01-25 |w 2019-11-19 |y MX |k DER | ||